Ekonomičeskoje sotrudničestvo stran - členov SEV

Salvato in:
Dettagli Bibliografici
Natura: Periodico
Lingua:russo
Pubblicazione: Moskva Sovet Ekonomičeskoj Vzaimopomošči
Soggetti:
Tags: Aggiungi Tag
Nessun Tag, puoi essere il primo ad aggiungerne!!

MARC

LEADER 00000nas1a22000001 4500
001 s121048
005 20260325064744.5
041 0 |a rus 
044 |a RU 
245 1 0 |a Ekonomičeskoje sotrudničestvo stran - členov SEV 
264 1 |a Moskva  |b Sovet Ekonomičeskoj Vzaimopomošči 
610 2 0 |a RVHP